[Event "Cadiz-ch Youth+Experts"]
[White "Rey Garcia, Tomas"]
[Black "Osuna Vega, Enrique"]
[Site "Chiclana"]
[Round "3.2"]
[Result "0-1"]
[Date "2015.03.07"]
[WhiteElo "2006"]
[BlackElo "2108"]
[PlyCount "120"]
[EventDate "2015.02.21"]
[EventType "swiss"]
[EventRounds "6"]
[EventCountry "ESP"]
[SourceTitle "EXT 2024"]
[Source "ChessBase"]
[SourceDate "2023.10.10"]
[SourceVersion "1"]
[SourceVersionDate "2023.10.10"]
[SourceQuality "1"]

1. e4 d6 2. Nc3 Nf6 3. g3 d5 4. exd5 Bg4 5. Be2 Bxe2 6. Qxe2 Nbd7 7. d4 Nb6 8. Qb5+ Qd7 9. Nf3 a6 10. Qxd7+ Nfxd7 11. Bf4 Rc8 12. Be5 Nf6 13. Bxf6 exf6 14. 0-0-0 Bb4 15. Ne4 Nxd5 16. c4 f5 17. Neg5 Nf6 18. a3 Be7 19. Rhe1 h6 20. Nh3 Kf8 21. Ne5 Ng4 22. f3 Nxe5 23. dxe5 Rd8 24. Nf4 Rxd1+ 25. Rxd1 Ke8 26. Nd5 Bd8 27. Ne3 g6 28. c5 h5 29. h4 f4 30. gxf4 Bxh4 31. Nd5 Bd8 32. c6 bxc6 33. Nb4 h4 34. Nxc6 Be7 35. Kd2 h3 36. Rh1 Kd7 37. Nd4 Bc5 38. Ne2 Ke6 39. b4 Bf2 40. Rh2 Bb6 41. Nc1 Kf5 42. Nd3 Bg1 43. Rh1 h2 44. a4 Rd8 45. Kc3 g5 46. fxg5 Kxg5 47. a5 Kh4 48. f4 Kg3 49. f5 Kg2 50. Rxh2+ Bxh2 51. Kc4 Kf3 52. e6 fxe6 53. fxe6 Bd6 54. Nc5 Bxc5 55. Kxc5 Rd6 56. e7 Re6 57. b5 axb5 58. Kxb5 Ke4 59. a6 Rxe7 60. a7 c6+ 0-1

[Event "ESP-ch Universities"]
[White "Rey Garcia, Tomas"]
[Black "Perez Candelario, Manuel"]
[Site "Granada"]
[Round "1"]
[Result "0-1"]
[Date "2005.05.09"]
[WhiteElo "2127"]
[BlackElo "2483"]
[PlyCount "36"]
[EventDate "2005.05.09"]
[EventType "team"]
[EventRounds "9"]
[EventCountry "ESP"]
[SourceTitle "CBM 106 Extra"]
[Source "ChessBase"]
[SourceDate "2005.07.01"]
[SourceVersion "1"]
[SourceVersionDate "2005.07.01"]
[SourceQuality "1"]

1. e4 c5 2. Nc3 e6 3. g3 Nc6 4. Bg2 g6 5. Nge2 Bg7 6. d3 Nge7 7. Be3 Nd4 8. Qd2 Nec6 9. Nd1 0-0 10. Nxd4 cxd4 11. Bh6 d6 12. h4 e5 13. h5 Bxh6 14. Qxh6 g5 15. f3 f6 16. Bh3 Ne7 17. Bxc8 Qxc8 18. f4 Kh8 0-1

[Event "San Fernando op 18th"]
[White "Veingold, Aleksandr"]
[Black "Rey Garcia, Tomas"]
[Site "San Fernando"]
[Round "7"]
[Result "1-0"]
[Date "2004.07.23"]
[WhiteElo "2474"]
[BlackElo "2097"]
[PlyCount "57"]
[EventDate "2004.07.18"]
[EventType "swiss"]
[EventRounds "8"]
[EventCountry "ESP"]
[SourceTitle "CBM 101 Extra"]
[Source "ChessBase"]
[SourceDate "2004.09.01"]
[SourceVersion "2"]
[SourceVersionDate "2004.09.01"]
[SourceQuality "1"]

1. d4 Nf6 2. c4 g6 3. Nc3 Bg7 4. e4 d6 5. Be2 0-0 6. Nf3 Nbd7 7. 0-0 e5 8. Qc2 h6 9. Rd1 Re8 10. dxe5 dxe5 11. h3 c6 12. Be3 Qc7 13. b4 Nf8 14. Bc5 N6d7 15. Bd6 Qd8 16. b5 Qf6 17. bxc6 bxc6 18. Qa4 Bb7 19. Rab1 Nb6 20. Qa5 c5 21. Bxc5 Ne6 22. Be3 Reb8 23. c5 Nc8 24. Bc4 Bc6 25. Nd5 Qd8 26. Qxd8+ Nxd8 27. Nc7 Rxb1 28. Rxb1 Bxe4 29. Rb3 1-0

[Event "San Fernando op 18th"]
[White "Insua Mellado, Jose Luis"]
[Black "Rey Garcia, Tomas"]
[Site "San Fernando"]
[Round "3"]
[Result "1-0"]
[Date "2004.07.19"]
[WhiteElo "2213"]
[BlackElo "2097"]
[PlyCount "136"]
[EventDate "2004.07.18"]
[EventType "swiss"]
[EventRounds "8"]
[EventCountry "ESP"]
[SourceTitle "CBM 101 Extra"]
[Source "ChessBase"]
[SourceDate "2004.09.01"]
[SourceVersion "2"]
[SourceVersionDate "2004.09.01"]
[SourceQuality "1"]

1. d4 Nf6 2. Nf3 d6 3. Bf4 g6 4. e3 Bg7 5. Nbd2 0-0 6. c3 Nbd7 7. h3 Re8 8. Bc4 e5 9. dxe5 Nxe5 10. Bxe5 dxe5 11. Qb3 Qe7 12. 0-0 Rf8 13. Rfd1 c6 14. a4 h6 15. a5 g5 16. Qa3 Qc7 17. Qc5 Re8 18. Qb4 g4 19. hxg4 Bxg4 20. Re1 Rad8 21. Nf1 Bxf3 22. gxf3 e4 23. f4 Nd5 24. Bxd5 cxd5 25. Red1 Re6 26. Qb5 Rg6+ 27. Ng3 h5 28. Kf1 h4 29. Nf5 h3 30. Ke2 a6 31. Qb3 d4 32. cxd4 Qd7 33. Nxg7 Qg4+ 34. Kd2 Kxg7 35. Qc4 Qg2 36. Qf1 Qf3 37. Qe2 Qg2 38. Qf1 h2 39. Kc3 Rc8+ 40. Kb3 Qxf1 41. Rxf1 Rg2 42. f3 exf3 43. Rxf3 Rcc2 44. Rh3 Rxb2+ 45. Kc3 Rbe2 46. Rh1 Kf6 47. Rh5 Rxe3+ 48. Kc4 Re4 49. R1xh2 Rxh2 50. Rxh2 Kf5 51. Rh5+ Kg6 52. Rh4 Re7 53. Kc5 Rd7 54. d5 Kf5 55. Rh1 f6 56. d6 Ke6 57. Re1+ Kf7 58. Re7+ Rxe7 59. dxe7 Kxe7 60. Kb6 Kd7 61. Kxb7 f5 62. Kb6 Kd6 63. Kxa6 Kc6 64. Ka7 Kc7 65. a6 Kc8 66. Kb6 Kb8 67. Kc6 Ka7 68. Kd6 Kxa6 1-0